000 00447pab a2200169 454500
008 180718b2002 xxu||||| |||| 00| 0 eng d
100 _aMishra, Sanjaya
245 _aLearner feedback for improving quality of distance education programmes
260 _c2002
300 _ap.102-06
362 _a28 Jan
650 _aEducational quality
650 _aEducation
650 _aDistance education
773 _aUniversity News
909 _a51510
999 _c51510
_d51510